000
00282 a2200133 4500
000
nam a22 7a 4500
100
_a
Scott F. Gilbert
110
_a
Scott F. Gilbert
245
_a
Developmental Biology
250
_a
12th
260
_c
2025
264
_c
2025
942
_c
BK
999
_c
394959
_d
394959